L' ECONOMIE RURALE /

Gorde:
Xehetasun bibliografikoak
Egile nagusia: Valarche, Jean (autor)
Formatua: Liburua
Saila:BILANS DE LA CONNAISSANCE ECONOMIQUE
Gaiak:
Etiketak: Etiketa erantsi
Etiketarik gabe, Izan zaitez lehena erregistro honi etiketa jartzen!

MARC

LEADER 00000nam^a2200000^a^4500
001 000237058
005 20250521000000.0
009 20260310104920.477
035 |a 060213 
037 |a Acervo Xavier Clavigero 
082 |a 338. 1 VAL 
100 |a Valarche, Jean  |e (autor) 
245 1 3 |a L' ECONOMIE RURALE /  |c JEAN VALARCHE 
264 |a PARIS :  |b LIBRAIRIE MARCEL RIVIERE ET CIE,  |c 1959 
300 |a 300 p. 
336 |a texto  |b txt  |2 rdacontenido 
337 |a sin mediación  |b n  |2 rdamedio 
338 |a volumen  |b nc  |2 rdasoporte 
440 |a BILANS DE LA CONNAISSANCE ECONOMIQUE 
649 |a XX 
650 |a Agricultura -  |x Aspectos Económicos 
650 |a Desarrollo Económico-Social 
910 |a Fondo General 
920 |a Impresos - Libros 
930 |a Colección General 
905 |a 101 
901 |a 060213  |b IT1  |c ACC  |i 060213  |u 20250521 
902 |a https://opac.biblio.iteso.mx/vufind/Record/000237058